000 00616nam a22002057a 4500
999 _c442629
_d442629
003 UA-OsUOA
005 20191025115927.0
008 191025b un ||||| |||| 00| 0 ukr d
040 _aUA-OsUOA
_bukr
_cUA-OsUOA
_dUA-OsUOA
041 _aukr
080 _a821.161.1
090 _a821.161.1
_bД17
100 _aДангулов С
245 _aТропа
_bповесть
_cСавва Дангулов ; вступ. статья Н. Т. Федоренко
260 _aКиев
_bМолодь
_c1986
300 _a272 с.
490 _aШкольная библиотека
942 _2udc
_cBK
955 _a3